[Event "Landesliga Nord U20 1819"]
[Site "Bayern"]
[Date "2019.02.09"]
[Round "6.3"]
[White "Grepmair, Marius"]
[Black "Vilinski, Mark"]
[Result "1-0"]
[WhiteElo "1590"]
[BlackElo "1138"]
[PlyCount "67"]
[EventDate "2018.11.17"]
[EventType "team-tourn"]
[EventRounds "7"]
[EventCountry "GER"]
[SourceTitle "EXT 2022"]
[Source "ChessBase"]
[SourceDate "2021.10.06"]
[SourceVersion "1"]
[SourceVersionDate "2021.10.06"]
[SourceQuality "1"]
[WhiteTeam "Kareth Lappersdorf U20"]
[BlackTeam "Jaecklechemie SC U20"]
[WhiteTeamCountry "GER"]
[BlackTeamCountry "GER"]

1. e4 c5 2. Na3 d6 3. c3 Nf6 4. g3 Nxe4 5. Qa4+ Nc6 6. Qxe4 g6 7. Bb5 Qd7 8. Bxc6 Qxc6 9. Qxc6+ bxc6 10. d3 Be6 11. Be3 Bg7 12. Ne2 Bd5 13. 0-0 Bf3 14. Rfe1 Kd7 15. d4 cxd4 16. Bxd4 e5 17. Be3 h5 18. Kf1 f6 19. Ng1 e4 20. Nxf3 exf3 21. h4 Bh6 22. Bxh6 Rxh6 23. Re3 g5 24. Rae1 Rg8 25. Rxf3 gxh4 26. gxh4 Rhg6 27. Ke2 Rg4 28. Kd2 Rxh4 29. Rxf6 Rh2 30. Nc4 h4 31. Rf7+ Kd8 32. Nxd6 h3 33. Kd3 Rh8 34. Ree7 1-0

[Event "Landesliga Nord U20 1819"]
[Site "Bayern"]
[Date "2019.02.09"]
[Round "7.3"]
[White "Heinrich, Leon"]
[Black "Grepmair, Marius"]
[Result "1/2-1/2"]
[WhiteElo "1658"]
[BlackElo "1590"]
[PlyCount "53"]
[EventDate "2018.11.17"]
[EventType "team-tourn"]
[EventRounds "7"]
[EventCountry "GER"]
[SourceTitle "EXT 2022"]
[Source "ChessBase"]
[SourceDate "2021.10.06"]
[SourceVersion "1"]
[SourceVersionDate "2021.10.06"]
[SourceQuality "1"]
[WhiteTeam "Nuernberg Sued SW U20"]
[BlackTeam "Kareth Lappersdorf U20"]
[WhiteTeamCountry "GER"]
[BlackTeamCountry "GER"]

1. d4 d5 2. c4 Nc6 3. cxd5 Qxd5 4. e3 e5 5. Nc3 Bb4 6. a3 Bxc3+ 7. bxc3 Nf6 8. c4 Qd6 9. d5 Ne7 10. a4 Qb4+ 11. Bd2 Qd6 12. Nf3 c6 13. Bc3 e4 14. Nd4 cxd5 15. Nb5 Qd7 16. Be5 0-0 17. Nc7 Ng4 18. Bg3 Rb8 19. Nxd5 Ra8 20. Nc7 Rb8 21. h3 Nf6 22. Ne6 Qxd1+ 23. Rxd1 Bxe6 24. Bxb8 Rxb8 25. Be2 Rc8 26. Rc1 Nd7 27. Rb1 1/2-1/2

[Event "Landesliga Nord U20 1819"]
[Site "Bayern"]
[Date "2019.01.26"]
[Round "4.3"]
[White "Zeltner, Richard"]
[Black "Grepmair, Marius"]
[Result "0-1"]
[WhiteElo "1639"]
[BlackElo "1590"]
[PlyCount "84"]
[EventDate "2018.11.17"]
[EventType "team-tourn"]
[EventRounds "7"]
[EventCountry "GER"]
[SourceTitle "EXT 2022"]
[Source "ChessBase"]
[SourceDate "2021.10.06"]
[SourceVersion "1"]
[SourceVersionDate "2021.10.06"]
[SourceQuality "1"]
[WhiteTeam "Erlangen SC U20"]
[BlackTeam "Kareth Lappersdorf U20"]
[WhiteTeamCountry "GER"]
[BlackTeamCountry "GER"]

1. e4 c6 2. d4 d5 3. e5 c5 4. c3 e6 5. Nf3 Nc6 6. Be2 Nge7 7. 0-0 Nf5 8. Bd3 Nh4 9. Nbd2 Nxf3+ 10. Nxf3 cxd4 11. cxd4 Qb6 12. Bc2 Be7 13. a3 0-0 14. Qd3 g6 15. Ng5 Qxd4 16. Qh3 Bxg5 17. Bxg5 Qxe5 18. Qh4 f6 19. Bf4 Qh5 20. Qg3 e5 21. Bd2 Nd4 22. Bd1 Ne2+ 23. Bxe2 Qxe2 24. Bh6 Rf7 25. Rac1 d4 26. Qb3 Qg4 27. Rc5 Be6 28. Qa4 g5 29. Rfc1 Re7 30. Rc7 Rae8 31. Rxe7 Rxe7 32. Rc7 Bd7 33. Rc1 Qh5 34. Qb3+ Be6 35. Rc8+ Kf7 36. Rf8+ Kg6 37. Qc2+ Bf5 38. Rg8+ Kf7 39. Qb3+ Be6 40. Rg7+ Ke8 41. Qc2 Qxh6 42. Rg8+ Bxg8 0-1

[Event "Oberpfalz-ch M2"]
[Site "Windischeschenbach"]
[Date "2017.04.11"]
[Round "7"]
[White "Gschwendner, Anton"]
[Black "Grepmair, Marius"]
[Result "0-1"]
[WhiteElo "1584"]
[BlackElo "1706"]
[PlyCount "68"]
[EventDate "2017.04.08"]
[EventType "swiss"]
[EventRounds "8"]
[EventCountry "GER"]
[SourceTitle "EXT 2020"]
[Source "ChessBase"]
[SourceDate "2019.10.17"]
[SourceVersion "1"]
[SourceVersionDate "2019.10.17"]
[SourceQuality "1"]

1. e4 c6 2. d4 d5 3. exd5 cxd5 4. Bd3 Nc6 5. c3 Nf6 6. Nf3 Bg4 7. 0-0 Qc7 8. Re1 e6 9. Bg5 Be7 10. Nbd2 0-0 11. Nf1 h6 12. Bh4 Nh7 13. Qc2 Nf6 14. Bg3 Qc8 15. N1d2 Bxf3 16. Nxf3 Nh5 17. Bh4 Nf4 18. g3 Nxd3 19. Qxd3 g5 20. Kh1 gxh4 21. gxh4 f5 22. Qe3 f4 23. Rg1+ Kh7 24. Qd3+ Rf5 25. Rg4 Qc7 26. Rag1 Bf6 27. Ng5+ hxg5 28. hxg5 Bg7 29. Qh3+ Kg6 30. Rh4 Rh8 31. Rxh8 Bxh8 32. Qxh8 Qh7 33. Qc8 Qe7 34. h4 Rf8 0-1

[Event "Landesliga U20 Nord 1617"]
[Site "Bayern"]
[Date "2017.03.11"]
[Round "7.2"]
[White "Hoffmann, Sebastian1111"]
[Black "Grepmair, Marius"]
[Result "1-0"]
[WhiteElo "1990"]
[BlackElo "1537"]
[PlyCount "53"]
[EventDate "2016.11.12"]
[EventType "team-tourn"]
[EventRounds "7"]
[EventCountry "GER"]
[SourceTitle "EXT 2022"]
[Source "ChessBase"]
[SourceDate "2021.10.06"]
[SourceVersion "1"]
[SourceVersionDate "2021.10.06"]
[SourceQuality "1"]
[WhiteTeam "Nuernberg NT U20"]
[BlackTeam "Kareth Lappersdorf U20"]
[WhiteTeamCountry "GER"]
[BlackTeamCountry "GER"]

1. e4 c6 2. Nf3 d5 3. exd5 cxd5 4. Ne5 Qc7 5. d4 Nf6 6. Bf4 Qb6 7. Nc3 e6 8. Bd3 Bb4 9. 0-0 Nbd7 10. Ne2 Bd6 11. h3 Qc7 12. Nc3 Bxe5 13. dxe5 Nxe5 14. Re1 Nfd7 15. Qh5 g5 16. Qxg5 f6 17. Qg7 Rf8 18. Bxh7 Qd6 19. Nb5 Qc5 20. a4 a6 21. b4 Qb6 22. Rxe5 axb5 23. Rxd5 Ne5 24. Rxe5 Rf7 25. Bg6 Qd4 26. Qxf7+ Kd8 27. Rd5+ 1-0

[Event "Landesliga U20 Nord 1617"]
[Site "Bayern"]
[Date "2016.12.10"]
[Round "3.2"]
[White "Wetzler, Sophia"]
[Black "Grepmair, Marius"]
[Result "1-0"]
[WhiteElo "1583"]
[BlackElo "1537"]
[PlyCount "69"]
[EventDate "2016.11.12"]
[EventType "team-tourn"]
[EventRounds "7"]
[EventCountry "GER"]
[SourceTitle "EXT 2022"]
[Source "ChessBase"]
[SourceDate "2021.10.06"]
[SourceVersion "1"]
[SourceVersionDate "2021.10.06"]
[SourceQuality "1"]
[WhiteTeam "Regensburg Bavaria II"]
[BlackTeam "Kareth Lappersdorf U20"]
[WhiteTeamCountry "GER"]
[BlackTeamCountry "GER"]

1. e4 c6 2. d4 d5 3. Nc3 dxe4 4. Nxe4 Nd7 5. Be3 Ngf6 6. Nc3 Nb6 7. h3 Bf5 8. Nf3 h6 9. Qd2 e6 10. a3 Bd6 11. Be2 Nfd5 12. Nxd5 Nxd5 13. g4 Nxe3 14. fxe3 Bh7 15. 0-0-0 Qc7 16. Qc3 0-0 17. g5 h5 18. Nd2 g6 19. Ne4 Be7 20. Rdf1 Rfe8 21. Rf2 Kf8 22. Rhf1 Bg8 23. d5 Bd6 24. Rxf7+ Bxf7 25. Qh8+ Ke7 26. Qf6+ Kd7 27. Qxf7+ Kd8 28. Qf6+ Kd7 29. Qf7+ Kd8 30. Qxg6 cxd5 31. Bxh5 Rh8 32. Rf7 Qb6 33. Qf6+ Be7 34. Qxe7+ Kc8 35. Nd6+ 1-0

[Event "Landesliga U20 Nord 1516"]
[Site "Bayern"]
[Date "2015.12.19"]
[Round "3.2"]
[White "Kollmeder, Johann"]
[Black "Grepmair, Marius"]
[Result "1-0"]
[WhiteElo "1547"]
[BlackElo "1409"]
[PlyCount "45"]
[EventDate "2015.11.21"]
[EventType "team-tourn"]
[EventRounds "7"]
[EventCountry "GER"]
[SourceTitle "EXT 2022"]
[Source "ChessBase"]
[SourceDate "2021.10.06"]
[SourceVersion "1"]
[SourceVersionDate "2021.10.06"]
[SourceQuality "1"]
[WhiteTeam "Ergolding FC U20"]
[BlackTeam "Kareth Lappersdorf U20"]
[WhiteTeamCountry "GER"]
[BlackTeamCountry "GER"]

1. e4 c6 2. d4 d5 3. exd5 cxd5 4. Nf3 Nf6 5. Bg5 Bg4 6. Nbd2 Nbd7 7. c3 a6 8. Bd3 e6 9. Nf1 Be7 10. Ng3 h6 11. Bf4 Nh5 12. Be3 Nxg3 13. hxg3 e5 14. dxe5 Nxe5 15. Qa4+ Bd7 16. Qd4 Nxd3+ 17. Qxd3 Be6 18. Rd1 0-0 19. Bxh6 gxh6 20. Rxh6 f5 21. Rxe6 Bf6 22. Qxd5 Qc7 23. Re7+ 1-0

[Event "Nittenau-ch 14th"]
[Site "Nittenau"]
[Date "2014.09.05"]
[Round "1"]
[White "Niedermeier, Thomas"]
[Black "Grepmair, Marius"]
[Result "1-0"]
[WhiteElo "2224"]
[BlackElo "1500"]
[PlyCount "63"]
[EventDate "2014.09.05"]
[EventType "swiss"]
[EventRounds "5"]
[EventCountry "GER"]
[SourceTitle "CBM 162 Extra"]
[Source "ChessBase"]
[SourceDate "2014.10.17"]
[SourceVersion "1"]
[SourceVersionDate "2014.10.17"]
[SourceQuality "1"]

1. e4 c6 2. d4 d5 3. exd5 cxd5 4. Bd3 Nf6 5. c3 Nc6 6. Bf4 Bg4 7. Qb3 Qb6 8. Nd2 Qxb3 9. axb3 e6 10. b4 Ne7 11. Ngf3 Ng6 12. Bc7 Rc8 13. Bg3 a6 14. h3 Bxf3 15. Nxf3 Be7 16. b5 axb5 17. Bxb5+ Kf8 18. Ra7 b6 19. Rb7 Bd8 20. Bd6+ Kg8 21. Ng5 Ne4 22. Nxe4 dxe4 23. Be8 h6 24. Bxf7+ Kh7 25. Bxe6 Rc6 26. Rd7 Be7 27. Bxe7 Rxe6 28. Bd6 Ra8 29. Kd2 Ra2 30. Kc2 e3 31. fxe3 Rxe3 32. Ba3 1-0